Najveći trgovinski partneri - Srbija - Statistics

General Stats
  • This quiz has been taken 71 times
    68 since last reset
  • The average score is 15 of 19
Answer Stats
izvoz uvoz država % Correct
795 mil. 1510 mil. Rusija
93%
1229 mil. 445 mil. Bosna i Hercegovina
91%
514 mil. 482 mil. Hrvatska
91%
1940 mil. 2473 mil. Nemačka
91%
2168 mil. 1985 mil. Italija
88%
414 mil. 577 mil. Francuska
86%
1603 mil. Kina
84%
723 mil. Crna Gora
80%
587 mil. Makedonija
80%
846 mil. 553 mil. Rumunija
80%
423 mil. 362 mil. Bugarska
79%
476 mil. 569 mil. Slovenija
79%
478 mil. 883 mil. Mađarska
75%
668 mil. Turska
75%
368 mil. 483 mil. Češka
73%
302 mil. Slovačka
73%
375 mil. 584 mil. Austrija
68%
336 mil. 834 mil. Poljska
66%
440 mil. Belgija
48%
No matching quizzes found
Score Distribution
Percent of People with Each Score
Percentile by Number Answered
Your Score History
You have not taken this quiz since the last reset